<?xml version="1.0" encoding="UTF-8"?>
<record
    xmlns:xsi="http://www.w3.org/2001/XMLSchema-instance"
    xsi:schemaLocation="http://www.loc.gov/MARC21/slim http://www.loc.gov/standards/marcxml/schema/MARC21slim.xsd"
    xmlns="http://www.loc.gov/MARC21/slim">

  <leader>01951nam a22002657a 4500</leader>
  <datafield tag="999" ind1=" " ind2=" ">
    <subfield code="c">1483</subfield>
    <subfield code="d">1483</subfield>
  </datafield>
  <controlfield tag="003">OSt</controlfield>
  <controlfield tag="005">20191014192852.0</controlfield>
  <controlfield tag="008">170815b        xxu||||| |||| 00| 0 esp d</controlfield>
  <datafield tag="040" ind1=" " ind2=" ">
    <subfield code="c">DO-SdBJH</subfield>
    <subfield code="a">DO-SdBJH</subfield>
    <subfield code="b">spa</subfield>
  </datafield>
  <datafield tag="090" ind1=" " ind2=" ">
    <subfield code="a">TG AAFFM</subfield>
    <subfield code="b">01015 2015</subfield>
  </datafield>
  <datafield tag="100" ind1="1" ind2=" ">
    <subfield code="a">De los Santos Hern&#xE1;ndez, Wilbert</subfield>
    <subfield code="e">sustentante</subfield>
  </datafield>
  <datafield tag="245" ind1="1" ind2="0">
    <subfield code="a">Propuesta de modernizaci&#xF3;n de la Fuerza A&#xE9;rea de Rep&#xFA;blica Dominicana (2016-2020): An&#xE1;lisis diagn&#xF3;stico de la Direcci&#xF3;n de Comunicaciones y Electr&#xF3;nica (A-6) / </subfield>
    <subfield code="c"> Wilbert De los Santos Hern&#xE1;ndez, Franshelys Yarilis Tejeda Guerrero, asesores  Carlos Tello de Jes&#xFA;s, Tebi Enrique Rodr&#xED;guez Hern&#xE1;ndez                       </subfield>
  </datafield>
  <datafield tag="260" ind1=" " ind2=" ">
    <subfield code="a">Santo Domingo Este :</subfield>
    <subfield code="b">INSUDE, </subfield>
    <subfield code="c">2015</subfield>
  </datafield>
  <datafield tag="300" ind1=" " ind2=" ">
    <subfield code="a">xvii, 62 p&#xE1;ginas, ilustraciones-mapas-fotos en anexo</subfield>
  </datafield>
  <datafield tag="502" ind1=" " ind2=" ">
    <subfield code="a">Trabajo de grado (Licenciatura en Ciencias Aeron&#xE1;uticas) -- Instituto Superior para la Defensa (INSUDE). -- Academia A&#xE9;rea Gral. De Brigada Piloto Frank Andr&#xE9;s Feliz Miranda, 2015.</subfield>
  </datafield>
  <datafield tag="504" ind1=" " ind2=" ">
    <subfield code="a">Incluye referencias bibliogr&#xE1;ficas e &#xED;ndices</subfield>
  </datafield>
  <datafield tag="505" ind1=" " ind2=" ">
    <subfield code="a">Antecedentes hist&#xF3;ricos de la direcci&#xF3;n de comunicaciones y electr&#xF3;nica. -- Necesidades existentes en la direcci&#xF3;n de comunicaciones y electr&#xF3;nica (A-6) de la Fuerza A&#xE9;rea de la Rep&#xFA;blica Dominicana en la actualidad. -- Propuesta de modernizaci&#xF3;n de la direcci&#xF3;n de comunicaciones y electr&#xF3;nica (A-6) de la Fuerza A&#xE9;rea de la Rep&#xFA;blica Dominicana.  An&#xE1;lisis (FODA)</subfield>
  </datafield>
  <datafield tag="650" ind1=" " ind2="4">
    <subfield code="a">An&#xE1;lisis de la Direcci&#xF3;n de Comunicaciones y Electr&#xF3;nica (A-6) -- Moderizaci&#xF3;n - Equipos (propuesta)</subfield>
  </datafield>
  <datafield tag="651" ind1=" " ind2="4">
    <subfield code="a">Rep&#xFA;blica Dominicana.  Fuerza A&#xE9;rea -- Direcci&#xF3;n de Comunicaci&#xF3;n</subfield>
  </datafield>
  <datafield tag="700" ind1="1" ind2=" ">
    <subfield code="a">Tejeda Guerrero, Franshelys Yarilis</subfield>
    <subfield code="e">sustentante</subfield>
  </datafield>
  <datafield tag="700" ind1="1" ind2=" ">
    <subfield code="a">Tello de Jes&#xFA;s, Carlos </subfield>
    <subfield code="e">asesor</subfield>
  </datafield>
  <datafield tag="700" ind1="1" ind2=" ">
    <subfield code="a">Rodr&#xED;guez Hern&#xE1;ndez, Tebi Enrique</subfield>
    <subfield code="e">asesor</subfield>
  </datafield>
  <datafield tag="830" ind1=" " ind2=" ">
    <subfield code="a">INSUDE.  Academia A&#xE9;rea Gral. De Brig. Pil.  Frank Andr&#xE9;s  Feliz Miranda.  Tesis y disertaciones acad&#xE9;micas</subfield>
  </datafield>
  <datafield tag="942" ind1=" " ind2=" ">
    <subfield code="2">CL</subfield>
    <subfield code="c">T</subfield>
  </datafield>
  <datafield tag="952" ind1=" " ind2=" ">
    <subfield code="0">0</subfield>
    <subfield code="1">0</subfield>
    <subfield code="2">CL</subfield>
    <subfield code="4">0</subfield>
    <subfield code="7">1</subfield>
    <subfield code="8">TG</subfield>
    <subfield code="a">BJHA</subfield>
    <subfield code="b">BJHA</subfield>
    <subfield code="d">2017-08-15</subfield>
    <subfield code="i">15-01015</subfield>
    <subfield code="l">0</subfield>
    <subfield code="o">TG AAFFM 01015 2015</subfield>
    <subfield code="p">15-01015</subfield>
    <subfield code="r">2018-10-06 00:00:00</subfield>
    <subfield code="t">e.1</subfield>
    <subfield code="w">2017-08-15</subfield>
    <subfield code="y">T</subfield>
  </datafield>
</record>
